000 00830nam a2200265Ia 4500
003 OSt
005 20220927113454.0
006 a|||||r|||| 00| 0
007 ta
008 220926b |||||||| |||| 00| 0 eng d
024 _a8962
037 _cTextbook
040 _aRTL
_cRTL
_beng
041 _2eng
_aeng
082 _a"L:4234.2.N9, N4/TD3/Th"
100 _aTrideep Singh
_9385999
245 0 _aDiffusion of HIV/Aids in India
260 _aDelhi
_bUniversity of Delhi
_c1994
300 _a130
_ccm.
490 _a"University of Delhi, Geography (Dept. of-), Thesis. Thesis, University of Delhi, Geography (Dept. of-"
500 _aBibliography at the end
650 _aMedicine
942 _h"L:4234.2.N9, N4/TD3/Th"
_cCC
999 _c702133
_d702133